Countries in their native language by flag- Europe - Statistics

General Stats
  • This quiz has been taken 43 times
  • The average score is 8 of 16
Answer Stats
Picture Answer % Correct
Suomi
91%
Deutschland
88%
Portugal
75%
Eire
72%
Malta
72%
Island
59%
Hrvatska
56%
Eesti
44%
Sverige
44%
Turkiye
44%
Latvija
38%
Polski
38%
Slovensko
31%
Magyarország
28%
Česká republika
22%
Kosovë
19%
No matching quizzes found
Score Distribution
Percent of People with Each Score
Percentile by Number Answered
Your Score History
You have not taken this quiz